000 00834cab a2200265 4500
001 ABS45621
008 090401t1991 xxu||||| |||| 00| 0 eng d
035 _a(Sirsi) u54036
041 _aeng
100 _aBreakell, M.
245 _aLearning from Europe: Britain beyond Bruges
260 _c1991
350 _a0
490 _aThe Planner
_v77(40) 13 December 1991, 10-15(6)
520 _aLaments the state of planning in the UK, where essentially it has been market-led and where there has not been the same regard for the environment, transport and the community as in other European countries.
650 _aEUROPE
650 _aGERMANY
650 _aHOLLAND
650 _aPLANNING
650 _aSCANDINAVIA
650 _aSWITZERLAND
690 _aPLANNING LAW AND PRACTICE
942 _n0
948 _c04/03/1997
999 _c33147
_d33147